000 00374nam a2200145Ia 4500
008 210719s9999 xx 000 0 und d
041 _aeng
082 _a823.9 MACP
100 _aMACAULAY (Rose)
245 _aPotterism: a tragi farcical tract.
260 _aLondon
_bW Collins Sons and Company Limited
300 _a260
_bHB
365 _cRs
650 _aEnglish Fiction
999 _c214237
_d214237